History, bhakti,and public memeory : (Record no. 153783)
[ view plain ]
| 000 -LEADER | |
|---|---|
| fixed length control field | 00688nam a22001937a 4500 |
| 005 - DATE AND TIME OF LATEST TRANSACTION | |
| control field | 20180710160419.0 |
| 010 ## - LCCN (DPL NO) | |
| LC control number | ENG-123431 |
| 020 ## - INTERNATIONAL STANDARD BOOK NUMBER | |
| International Standard Book Number | 9788178245287 |
| Terms of availability | 695.00 |
| 035 ## - SYSTEM CONTROL NUMBER | |
| System control number | EN-106963 |
| 037 ## - SOURCE OF ACQUISITION | |
| Source of stock number/acquisition | DBAD/PUB |
| 082 ## - DEWEY DECIMAL CLASSIFICATION NUMBER | |
| Classification number | 954.0019 |
| 100 ## - MAIN ENTRY--PERSONAL NAME | |
| Personal name | Novertzke, Christian Lee |
| 245 ## - TITLE STATEMENT | |
| Title | History, bhakti,and public memeory : |
| Statement of responsibility, etc | by Christian Lee Novertzke |
| Remainder of title | namdev in religious and secular traditions / |
| 260 ## - PUBLICATION, DISTRIBUTION, ETC. (IMPRINT) | |
| Place of publication, distribution, etc | Ranikhet |
| Name of publisher, distributor, etc | Permanent Black |
| Date of publication, distribution, etc | 2018 |
| 270 ## - ADDRESS | |
| Address | Himalayana, Mall Road, Ranikhet Cantt. |
| City | Ranikhet |
| Postal code | 263645 |
| 300 v# - PHYSICAL DESCRIPTION | |
| Extent | xvii,309p. : |
| Dimensions | 22cm(pbk) |
| Other physical details | ill.(maps) |
| 500 ## - GENERAL NOTE | |
| General note | Includes glossaryl references and index |
| 942 ## - ADDED ENTRY ELEMENTS (KOHA) | |
| Source of classification or shelving scheme | Dewey Decimal Classification |
| Item type | English Books |
| Call number suffix | NOV |
| Classification part | 954.0019 |
| Withdrawn status | Lost status | Not for loan | Collection code | Home library | Current library | Date acquired | Source of acquisition | Cost, normal purchase price | Full call number | Barcode | Copy number | Cost, replacement price | Koha item type |
|---|---|---|---|---|---|---|---|---|---|---|---|---|---|
| Not For Loan | Non-fiction | D.B.Act.Division | Central Library | 10/07/2018 | DBAD/PUB. | 695.00 | 954.0019 NOV | EN-106963 | 1 | 695.00 | English Books |
